Dog Breeds Picture Quiz Hard #1 - Statistics

General Stats
  • This quiz has been taken 96 times
  • The average score is 10 of 15
Answer Stats
Picture Answer % Correct
Basset Hound
99%
Australian Shepherd
88%
Akita
85%
Staffordshire Bull Terrier
85%
Basenji
75%
Alaskan Malamute
73%
Borzoi
72%
Leonberger
60%
Brussels Griffon
55%
Havanese
53%
Bedlington Terrier
52%
Bearded Collie
51%
Great Pyrenees
49%
Japanese Chin
48%
Lowchen
29%
No matching quizzes found
Score Distribution
Percent of People with Each Score
Percentile by Number Answered
Your Score History
You have not taken this quiz